Rational expectations and economic policy

Salvato in:
Dettagli Bibliografici
Altri autori: Fischer, Stanley
Natura: Libro
Lingua:inglese
Pubblicazione: Chicago University of Chicago Press 1980
Tags: Aggiungi Tag
Nessun Tag, puoi essere il primo ad aggiungerne!!

MARC

LEADER 00000nam a2200000 4500
001 c131589
005 20041019155252.7
041 0 |a eng 
044 |a US 
245 1 0 |a Rational expectations and economic policy  |c Red. Stanley Fischer 
264 1 |a Chicago  |b University of Chicago Press  |c 1980 
300 |a 148 s. 
700 1 |a Fischer, Stanley